Almost Equatorial Capitals Quiz Stats

 Plays Quiz Updated Oct 15, 2014

Score 0/10 Timer 03:00
2 Plays Today
Continent Capital % Correct
S. AmericaQuito, Ecuador
94.2%
AfricaNairobi, Kenya
68.7%
AfricaKampala, Uganda
52.7%
AsiaSingapore, Singapore
50.3%
AfricaKigali, Rwanda
46.8%
AfricaLibreville, Gabon
42.6%
AfricaMogadishu, Somalia
41.7%
AfricaSao Tome, Sao Tome and Principe
35%
OceaniaYaren, Nauru
26.9%
OceaniaTarawa, Kiribati
25.4%

You're not logged in!

Compare scores with friends on all Sporcle quizzes.
OR
Log In

Sporcle TV

Today on Sporcle TV


Watch our educational content, quiz creation guides, and fun videos on Sporcle TV.

Show Comments

Extras

Top Quizzes Today


Score Distribution

Your Account Isn't Verified!

In order to create a playlist on Sporcle, you need to verify the email address you used during registration. Go to your Sporcle Settings to finish the process.

Report this User

Report this user for behavior that violates our Community Guidelines.

Details: